|
|
|
|
| LEADER |
00000nab a2200000 a 4500 |
| 001 |
vtls000650803 |
| 003 |
SK-MaSNL |
| 005 |
20260304093320.0 |
| 008 |
250425c1997 xo 0 slo |
| 015 |
|
|
|a SNBRA1998/02-02671
|
| 035 |
|
|
|a CLN000002997
|
| 035 |
|
|
|a (urnnbn)urn:nbn:sk:snk:ar-002jz2
|
| 035 |
|
|
|a (uuid)e3caa133-c5ae-470c-b7ec-b67f1587c4e9
|
| 035 |
|
|
|a urn:nbn:sk:snk-ab7sjb
|
| 040 |
|
|
|a SNKBUCL
|b slo
|c SNKBUCL
|e AACR2
|
| 041 |
0 |
|
|a slo
|
| 044 |
|
|
|a xo
|c SK
|
| 080 |
|
|
|a 78.071.1(048)
|2 1997
|
| 080 |
|
|
|a 785.11
|2 1997
|
| 100 |
1 |
|
|a Rajter, Adrian,
|d 1968-
|4 aut
|9 206894
|
| 245 |
1 |
0 |
|a Robert Schumann
|c Adrian Rajter
|
| 300 |
|
|
|b Fotogr.
|
| 600 |
1 |
7 |
|a Schumann, Robert,
|d 1810-1856
|t Symphonies (nahrávky CD)
|2 snkbucl
|9 1388249
|
| 650 |
0 |
7 |
|a symfonická hudba
|2 snkbucl
|9 68261
|
| 655 |
|
7 |
|a recenzie
|2 snkbucl
|9 21907
|
| 655 |
|
7 |
|a články z novín a časopisov
|2 snkbucl
|2 snkbucl
|9 267496
|
| 773 |
0 |
|
|t Slovenská hudba
|g Roč. 23, č. 3-4 (1997), s. 361-362
|x 1335-2458
|
| 850 |
|
|
|a Slovenská národná knižnica
|
| 852 |
|
|
|a Slovenská národná knižnica
|
| 954 |
|
|
|a odborná, vedecká literatúra pôvodná (slovenská)
|2 lita
|
| 958 |
|
|
|a article9
|
| 958 |
|
|
|a OND
|
| 958 |
|
|
|a EUIPO
|
| 992 |
|
|
|a RBX
|
| 999 |
|
|
|c 2822631
|d 2824561
|